000 00520nam a2200205 a 4500
001 5987
003 CO-ViMGA
008 141112s2004 ck r 000 u spa d
040 _aCO-ViMGA
_bspa
_cCO-ViMGA
082 0 4 _aBLYci39
100 1 _aBlyton, Enid
_953656
245 1 0 _aLos cinco en billyoock
250 _a4a
260 _aBarcelona :
_bJuventud,
_c1973
300 _a123 p : il
490 _aClub de los cinco, 39
650 1 4 _aCUENTOS INFANTILES
_92743
650 1 4 _aCUENTOS INGLESES
_94268
942 _2ddc
_cBK
999 _c17961
_d17961